| 000 | 00000nas 2200000za 4500 |
| 001 | 9.506792 |
| 003 | CaOODSP |
| 005 | 20221107133709 |
| 007 | cr ||||||||||| |
| 008 | 150406d19941994oncar p o f0 a0eng|d |
| 022 | |a1493-5643 |
| 040 | |aCaOODSP|beng |
| 043 | |an-cn--- |
| 086 | 1 |aH46-4/1E-PDF |
| 130 | 0 |aOccupational radiation exposures in Canada (Online) |
| 222 | 0|aOccupational radiation exposures in Canada |b(Online) |
| 245 | 10|aOccupational radiation exposures in Canada |h[electronic resource]. |
| 260 | |aOttawa : |bHealth Canada |
| 310 | |aAnnual |
| 362 | 0 |a1994 |
| 500 | |aIssued also in French under title: Radioexpositions professionnelles au Canada. |
| 550 | |aIssued by Health Protection Branch. |
| 690 | 07|aOccupational diseases|2gcpds |
| 690 | 07|aOccupational health|2gcpds |
| 690 | 07|aRadiation|2gcpds |
| 710 | 1 |aCanada.|bHealth Canada. |bHealth Protection Branch. |
| 775 | 08|tRadioexpositions professionnelles au Canada |w(CaOODSP)9.503187 |
| 785 | 00|tReport on occupational radiation exposures in Canada.|w(CaOODSP)9.506794 |